| 000 | 00462nam a2200133Ia 4500 | ||
|---|---|---|---|
| 008 | 230801s9999||||xx |||||||||||||| ||und|| | ||
| 020 | _a9781591843610 | ||
| 082 |
_a428.4 _bC75298 |
||
| 100 | _aConnors, Roger & Smith, Tom | ||
| 245 | 0 | _aChange the culture, change the game: the breakthrough strategy for energizing your organization and creating accountability for results | |
| 260 |
_aNew York _bPortfolio/Penguin _c2011 |
||
| 300 | _axiv, 222 p. | ||
| 942 | _cBK | ||
| 999 |
_c27027 _d27027 |
||